'N' Countries on a Map Quiz Stats

Quiz Updated Feb 23, 2016

Challenge
Share
Tweet
Score 0/10 Timer 01:30
2 Plays Today
% Correct
Norway
96.7%
New Zealand
94.9%
Netherlands
94.1%
Niger
93.8%
Nepal
93.8%
Nigeria
93.7%
North Korea
92.3%
Nicaragua
91.4%
Namibia
84.7%
Nauru
69.5%

You're not logged in!

Compare scores with friends on all Sporcle quizzes.
Join for Free
OR
Log In

You Might Also Like...

Show Comments

Extras

Top Quizzes Today


Score Distribution

Your Account Isn't Verified!

In order to create a playlist on Sporcle, you need to verify the email address you used during registration. Go to your Sporcle Settings to finish the process.

Report this User

Report this user for behavior that violates our Community Guidelines.

Details: